Making hard decisions with DecisionTools

Պահպանված է:
Մատենագիտական մանրամասներ
Հիմնական հեղինակներ: Clemen, Robert T (Հեղինակ), Reilly, Terence (Հեղինակ)
Ձևաչափ: Գիրք
Լեզու:անգլերեն
Հրապարակվել է: Pacific Grove Duxbury 2001
Հրատարակություն:2a. ed
Խորագրեր:
Ցուցիչներ: Ավելացրեք ցուցիչ
Չկան պիտակներ, Եղեք առաջինը, ով նշում է այս գրառումը!

MARC

LEADER 00000nam a2200000 a 4500
001 UCL4856
003 CL-VaPUC
008 040227e20010000US |||||||||||||||||eng|d
020 |a 0534365973 
082 0 4 |a 658.403  |b CLE  |2 21 
100 0 |a Clemen, Robert T  |e author  |9 482541 
700 0 |a Reilly, Terence  |e author  |9 482542 
245 1 0 |a Making hard decisions with DecisionTools 
250 |a 2a. ed 
300 |a 733 p 
942 |c BK 
945 |d 20040227 00:00:00  |a cmena 
260 |a Pacific Grove  |b Duxbury  |c 2001 
500 |a Incluye Cd-Rom 
600 0 7 |a DECISIONTOOLS  |2 CL-VaPUC  |9 482543 
650 0 |a Toma de decisiones   |9 257530 
650 0 |a Aplicaciones de computadores  |9 260401 
650 0 |a Gestión de la información   |9 362327 
650 0 |a Software  |9 387312 
583 |a last modification  |c 20040227 00:00:00  |k Rodrigo Vera 
999 |c 307613  |d 307611 
952 |0 0  |1 0  |4 0  |6 658_403000000000000_CLE_2001  |7 0  |8 A  |9 373655  |a BIBING  |b BIBING  |d 2019-11-21  |i 3984591  |o 658.403 CLE 2001  |p 3984591  |r 2025-01-20  |w 2019-11-21  |y BK  |k EII